000 00664nam a2200241 i 4500
001 C2-0284386
003 PPAK
005 20180728014243.0
008 071204s2006 my |||| ||||| | may d
020 _a9833730019
040 _aPPAK
_beng
_cPPAK
_erda
082 0 4 _a899.233
_223
090 0 0 _a899.233
_bTAL
_dG
100 0 _aTalib Samat,
_eauthor
245 1 0 _aSelagi hidup selagi berjuang
264 1 _aBukit Mertajam, Pulau Pinang :
_bGoal Intelligent Publishing ,
_c2006
300 _a153 pages ;
_c22 cm
336 _2rdacontent
_atext
337 _2rdamedia
_aunmediated
338 _2rdacarrier
_avolume
650 1 0 _aMalay fiction.
942 _ddc
_cB
999 _c90361
_d90361